000 00722nam a2200205 a 4500
001 000638824
003 AM-YEHGA
005 20250617140730.0
008 090305s1962 ||| r 000 0 rus d
040 _aAM-YeHGA
041 1 _arus
_hper
100 1 _aСаади
245 1 0 _aБустан :
_bЛирика /
_cСаади ; Пер. с перс. В. Державина, А. Старостина.
260 _aМосква :
_bХудожественная литература,
_c1962.
300 _a525 стр. ;
_c17 см.
650 1 4 _aПерсидская литература
_xПоэзия
700 1 _aДержавин, В.
_eпер.
_4trl
700 1 _aСтаростин, А.
_eпер.
_4trl
090 _c227163
999 _c225622
_d225622